"Itt voltam akkor is, de nem akartam végignézni" megszólalt a szemtanú a szegedi tragédiáról /

Elmentve itt :
Bibliográfiai részletek
Szerző: Berecz Blanka
További közreműködők: Török János
Dokumentumtípus: Cikk
Megjelent: 2025-11-09
Sorozat:Delmagyar.hu
Kulcsszavak:Belső vizsgálat, Szent-Györgyi Albert Klinikai Központ - SZAKK, Idegsebészeti Klinika, Betegellátás - gerincműtét, Betegellátás - gondatlanság - eltűnt személy - haláleset, Kett Antónia - fül-orr-gégész főorvos, Tolna Vármegyei Balassa János Kórház - Szekszárd
Online Access:http://univ.bibl.u-szeged.hu/76000
LEADER 01035nab a2200181 i 4500
001 univ76000
005 20251111153442.0
008 251111s2025 hu o 000 hun d
040 |a SZTE UnivHistória Repozitórium  |b hun 
041 |a hun 
100 1 |a Berecz Blanka 
245 1 0 |a "Itt voltam akkor is, de nem akartam végignézni"   |h [elektronikus dokumentum] :  |b megszólalt a szemtanú a szegedi tragédiáról /  |c  Berecz Blanka 
260 |c 2025-11-09 
490 0 |a Delmagyar.hu 
561 |a Egyetemi hirarchívum 
695 |a Belső vizsgálat, Szent-Györgyi Albert Klinikai Központ - SZAKK, Idegsebészeti Klinika, Betegellátás - gerincműtét, Betegellátás - gondatlanság - eltűnt személy - haláleset, Kett Antónia - fül-orr-gégész főorvos, Tolna Vármegyei Balassa János Kórház - Szekszárd 
700 0 1 |a Török János 
856 4 0 |u http://univ.bibl.u-szeged.hu/76000/1/%C3%9Ajabb%20megr%C3%A1z%C3%B3%20r%C3%A9szletek%20der%C3%BCltek%20ki%20az%20elt%C5%B1nt%20f%C5%91orvosn%C5%91%20%C3%BCgy%C3%A9ben.pdf  |z Dokumentum-elérés